| 000 | 00952nam a2200205 a 4500 | ||
|---|---|---|---|
| 001 | 31107 | ||
| 005 | 20180713234444.0 | ||
| 008 | 140415s2009 mx 000 0 spa d | ||
| 020 | _a6077620076 | ||
| 041 | _aspa | ||
| 082 |
_a657.45 _bINS |
||
| 110 | 2 | _aInstituto Mexicano de Contadores Públicos,. | |
| 245 | 1 | 0 | _aNORMAS Y PROCEDIMIENTOS DE AUDITORIA PARA ATESTIGUAR |
| 250 | _a30A. | ||
| 260 |
_aMEXICO : _bANFECA, _c2009 |
||
| 300 |
_a _c11 x 4 x 17 |
||
| 500 | _aEL LIBRO INCLUYE APENDICE E INDICE ANALITICO. | ||
| 520 | _aLA PRESENTE EDICION INCLUYE LOS SIGUIENTES BOLETINES NUEVOS, BOLETIN 7040, EXAMEN Y APLICACION DE PROCEDIMIENTOS, CONVENIDOS SOBRE EL CUMPLIMIENTO DE DISPOSICIONES ESPECIFICAS, BOLETIN 7070 INFORME DEL CONTADOR PUBLICO SOBRE EL RESULTADO DE LA APLICACION DE DISPOSICIONES ESPECIFICAS. ASI MISMO APARECE EL SIGUIENTE BOLETIN ACTUALIZADO BOLETIN 4040 OTRAS OPINIONES DEL AUTOR. | ||
| 650 | 1 | 4 | _aAUDITORIA |
| 999 |
_c31107 _d31107 |
||